Trouve le rappeur en fonction de la musique #2 - Statistiques

Statistiques générales
  • Ce quiz a été pris 180 fois
  • Le résultat moyen est 14 sur 52
Statistiques - réponses
Hint Réponse % Correct
Autobahn SCH
85%
Chasse à l'homme Niska
82%
HÉ OH Gambi
78%
SPECIAL Laylow
69%
Jusqu'au dernier gramme PNL
68%
Jaloux Dadju
67%
Mafiosa Lartiste
66%
Cagoulé Jul
64%
La dot Aya nakamura
59%
Demain PLK
56%
Bizon Kaaris
53%
Doudou Koba LaD
51%
Jamal Werenoi
45%
Binta Alonzo
43%
Barcelona 92 Green montana
42%
Laisse moi Keblack
35%
Drfité Hamza
30%
Club des 27 Jok'air
30%
Le coeur des filles A2h
29%
Motel Ashh
28%
La pluie Orelsan
28%
Rêves de gosse RK
27%
Solitaire Bosh
24%
Pirelli MisterV
24%
Barman Soprano
24%
Nada Kalash criminel
23%
Tee Lomepal
23%
Chrome Hearts Dinos
22%
Éternité Jazzy Bazz
21%
Magenta Bekar
16%
Blake & mortimer Luther
14%
Comme tu veux DTF
13%
Intro Freeze corleone
12%
Routine Larry
11%
C'est relou R2
10%
Love Lové Kim
7%
Chat noir Mig
6%
Yamaha Comar
5%
Catchana Dadi
3%
Journée Kanoe
3%
Reda partie 3 Le Rat Luciano
3%
Chab ZeGuerre
3%
Ciel Eva
2%
RS4 Kofs
2%
AMG 63 Lallemand
2%
Igo 10 Douma
1%
Overdose Elias B4C
1%
59US Jnr Slice
1%
En boucle Kendji Girac
1%
Le reflet d'une vie MAD
1%
BOSS Solda
1%
Seul sous l'averse Swaayve
1%
Aucun quiz correspondant
Distribution des résultats
% des personnes avec chaque résultat
Percentile par nombre de réponses
Votre historique - résultats
Vous n’avez pas pris ce quiz